000
00259nam a2200097Ia 4500
001
1225587
005
20250827092948.0
008
250824s9999 xx 000 0 und d
245
0
_a
ZÜRAFA TOZU
_c
ERİM ŞİŞMAN
260
_b
PANAMA YAYINLARI
999
_c
1225587
_d
1225587